Najdroższe Reprezentacje - Statystyki

Ogólne statystyki
  • Ten quiz został rozwiązany 119 razy
  • Średni wynik to 9 z 10
Statystyki odpowiedzi
Wartość Odpowiedź % Poprawnych
978 mln Francja
100%
995 mln Anglia
98%
890 mln Hiszpania
98%
921 mln Brazylia
97%
781 mln Niemcy
96%
835 mln Portugalia
96%
716 mln Argentyna
94%
729 mln Włochy
87%
776 mln Holandia
83%
415 mln Dania
47%
Nie znaleziono quizów pasujących do podanych kryteriów
Rozkład punktacji
Procent ludzi z każdym wynikiem
Percentyl według liczby udzielonych odpowiedzi
Twoja historia wyników
Nie rozwiązałeś tego quizu